[Event "DVM U14w 2014"]
[Site "Regensburg GER"]
[Date "2014.12.27"]
[Round "1"]
[White "Eulitz, Charlotte"]
[Black "Reinecke, Katharina"]
[Result "1/2-1/2"]
[Termination "normal"]
[Board "4.2"]
[WhiteElo "1482"]
[BlackElo "1671"]
[WhiteTeam "SG Güstrow/Teterow"]
[BlackTeam "SK Langen"]
[PlyCount "66"]
[WhiteFideId "12964654"]
[BlackFideId "12929727"]
[EventCountry "GER"]
[EventRounds "7"]
[EventType "team-swiss"]
[EventDate "2014.12.26"]

1. e4 c6 2. d4 d5 3. exd5 cxd5 4. Bd3 Nf6 5. c3 Nc6 6. Bf4 g6 7. Nd2 Bg7 8.
Ngf3 O-O 9. O-O Bf5 10. Bxf5 gxf5 11. Ne5 Ne4 12. Nxc6 bxc6 13. Nxe4 fxe4 14.
Qg4 f5 15. Qg3 Qe8 16. Bh6 Qg6 17. Qxg6 hxg6 18. Bxg7 Kxg7 19. Rae1 Rh8 20. f3
Raf8 21. fxe4 fxe4 22. Rc1 Rf6 23. Rfe1 Rhf8 24. Re2 Rf5 25. h3 e5 26. b3 Kf6
27. Rd2 Ke6 28. Re1 Kd6 29. c4 exd4 30. Rxd4 Ke6 31. Red1 Kd6 32. cxd5 cxd5 33.
Ra4 R8f7 1/2-1/2

[Event "DVM U14w 2014"]
[Site "Regensburg GER"]
[Date "2014.12.27"]
[Round "1"]
[White "Flach, Helene"]
[Black "Maßloch, Lea"]
[Result "1-0"]
[Termination "normal"]
[Board "4.3"]
[WhiteElo "1667"]
[BlackElo "1133"]
[WhiteTeam "SK Langen"]
[BlackTeam "SG Güstrow/Teterow"]
[PlyCount "69"]
[WhiteFideId "12929735"]
[BlackFideId "12957909"]
[EventCountry "GER"]
[EventRounds "7"]
[EventType "team-swiss"]
[EventDate "2014.12.26"]

1. e4 {[%emt 0:00:00]} c5 2. Nf3 Nc6 3. d4 cxd4 4. Nxd4 Nf6 5. Nc3 e5 6. Ndb5
d6 7. Bg5 a6 8. Na3 b5 9. Nd5 Be7 10. Bxf6 Bxf6 11. c4 bxc4 12. Nxc4 O-O 13.
Nxf6+ Qxf6 14. Qxd6 Qxd6 15. Nxd6 Rd8 16. Nxc8 Raxc8 17. Bxa6 Rc7 18. O-O Nd4
19. b3 Kf8 20. Bc4 Rb8 21. Rfd1 f6 22. Kf1 h6 23. Rab1 Ra7 24. Rb2 Ra3 25. Rc1
Nc6 26. Rcc2 Nb4 27. Rd2 Rba8 28. Rd7 R8a7 29. Rxa7 Rxa7 30. a4 Ke7 31. Rd2 Nc6
32. Rd5 Kf8 33. g3 Re7 34. Rc5 Nd8 35. Rc8 1-0

[Event "DVM U14w 2014"]
[Site "Regensburg GER"]
[Date "2014.12.27"]
[Round "1"]
[White "Lederer, Leia"]
[Black "Halas, Julia"]
[Result "1-0"]
[Termination "normal"]
[Board "5.1"]
[WhiteElo "1569"]
[BlackElo "1624"]
[WhiteTeam "SV Stuttgart-Wolfbusch"]
[BlackTeam "SG Leipzig"]
[PlyCount "55"]
[WhiteFideId "12926353"]
[BlackFideId "12931810"]
[EventCountry "GER"]
[EventRounds "7"]
[EventType "team-swiss"]
[EventDate "2014.12.26"]

1. e4 {[%emt 0:00:00]} e6 {[%emt 0:00:00]} 2. d4 {[%emt 0:00:01]} d5 3. e5 c5
4. Nf3 Nc6 5. c3 Bd7 6. Nbd2 Nge7 7. Nb3 cxd4 8. cxd4 Nf5 9. a3 Qb6 10. Be2 Be7
11. O-O O-O 12. Be3 Nxe3 13. fxe3 Rac8 14. Rb1 a5 15. Nbd2 Rc7 16. Qe1 Rfc8 17.
Qg3 Bf8 18. Ng5 Be8 19. Qh3 h6 20. Bd3 Nd8 21. Nh7 a4 22. Qg4 Be7 23. Nf6+ Bxf6
24. exf6 g6 25. Qh4 h5 26. Qg5 e5 27. Qh6 Ne6 28. Nf3 1-0

[Event "DVM U14w 2014"]
[Site "Regensburg GER"]
[Date "2014.12.27"]
[Round "1"]
[White "Schmidt, Alexandra"]
[Black "Kobald, Jacqueline"]
[Result "1-0"]
[Termination "normal"]
[Board "5.2"]
[WhiteElo "1508"]
[BlackElo "1207"]
[WhiteTeam "SG Leipzig"]
[BlackTeam "SV Stuttgart-Wolfbusch"]
[PlyCount "37"]
[WhiteFideId "12946036"]
[BlackFideId "12988162"]
[EventCountry "GER"]
[EventRounds "7"]
[EventType "team-swiss"]
[EventDate "2014.12.26"]

1. e4 {[%emt 0:00:00]} c5 2. Nc3 g6 3. f4 Nc6 4. Bb5 Bg7 5. Bxc6 bxc6 6. Nf3
Nf6 7. O-O O-O 8. d3 d6 9. Qe1 Bd7 10. Qh4 Rb8 11. Ne1 Qc7 12. f5 d5 13. Rf3
Rb6 14. g4 c4 15. Rh3 e6 16. Bg5 Nh5 17. f6 Bh8 18. gxh5 Qe5 19. hxg6 1-0

[Event "DVM U14w 2014"]
[Site "Regensburg GER"]
[Date "2014.12.27"]
[Round "1"]
[White "Liu, Sijia Anna"]
[Black "Oswald, Lena"]
[Result "0-1"]
[Termination "normal"]
[Board "5.3"]
[WhiteElo "1040"]
[BlackElo "1313"]
[WhiteTeam "SV Stuttgart-Wolfbusch"]
[BlackTeam "SG Leipzig"]
[PlyCount "94"]
[WhiteFideId "12989746"]
[BlackFideId "12983314"]
[EventCountry "GER"]
[EventRounds "7"]
[EventType "team-swiss"]
[EventDate "2014.12.26"]

1. e4 c5 2. Nf3 d6 3. d4 cxd4 4. Nxd4 Nf6 5. Nc3 g6 6. Be3 Bg7 7. f3 Nc6 8. Qd2
O-O 9. O-O-O Bd7 10. Bc4 Rc8 11. Bd3 Ne5 12. Bf1 a6 13. a4 Nc4 14. Bxc4 Rxc4
15. b3 Rc8 16. h4 Qa5 17. Na2 Qxd2+ 18. Rxd2 b5 19. a5 h5 20. Re2 e5 21. g4
exd4 22. Bxd4 hxg4 23. fxg4 Bxg4 24. Reh2 Nxe4 25. Nb4 Bxd4 26. Nd3 Be5 27.
Nxe5 dxe5 28. Re1 f5 29. Re3 Rc3 30. Re1 Rfc8 31. Rg2 Rxb3 32. Reg1 Ra3 33. Rh2
Ra1+ 34. Kb2 Rxg1 35. Kb3 Rc1 36. Kb2 Rd1 37. Kb3 Rd2 38. Rxd2 Nxd2+ 39. Kb2 e4
40. Kc1 e3 41. h5 Bxh5 42. c3 Rxc3+ 43. Kb2 Rc4 44. Ka3 e2 45. Kb2 e1=Q 46. Ka2
Qb1+ 47. Ka3 Qb3# 0-1

[Event "DVM U14w 2014"]
[Site "Regensburg GER"]
[Date "2014.12.27"]
[Round "1"]
[White "Kahle, Leonie"]
[Black "Witte, Hanna"]
[Result "1-0"]
[Termination "normal"]
[Board "5.4"]
[WhiteElo "1365"]
[BlackElo "800"]
[WhiteTeam "SG Leipzig"]
[BlackTeam "SV Stuttgart-Wolfbusch"]
[PlyCount "63"]
[WhiteFideId "12983306"]
[BlackFideId "16200322"]
[EventCountry "GER"]
[EventRounds "7"]
[EventType "team-swiss"]
[EventDate "2014.12.26"]

1. e4 {[%emt 0:00:00]} e5 2. Nf3 Nc6 3. Bc4 Nf6 4. Nc3 Qe7 5. d3 Ng4 6. h3 Nf6
7. Be3 d6 8. Qd2 Nh5 9. d4 Be6 10. d5 Nd8 11. dxe6 Nxe6 12. O-O-O O-O-O 13. Ng5
Nxg5 14. Bxg5 f6 15. Be3 g6 16. Qd5 c6 17. Qe6+ Kc7 18. Qxe7+ Rd7 19. Qe6 f5
20. exf5 gxf5 21. Qxf5 Ng7 22. Qf6 a6 23. Bh6 Rg8 24. Bxg8 Be7 25. Qxg7 Rd8 26.
Qxe7+ Rd7 27. Qf6 c5 28. Rhe1 a5 29. f4 b6 30. fxe5 dxe5 31. Rxd7+ Kc8 32. Qd8#
1-0

[Event "DVM U14w 2014"]
[Site "Regensburg GER"]
[Date "2014.12.27"]
[Round "1"]
[White "Riegel, Arinna"]
[Black "Oberhofer, Marie"]
[Result "0-1"]
[Termination "normal"]
[Board "6.1"]
[WhiteElo "1674"]
[BlackElo "1648"]
[WhiteTeam "SF Sasbach"]
[BlackTeam "SC Bavaria Regensburg"]
[PlyCount "66"]
[WhiteFideId "12931446"]
[BlackFideId "12938165"]
[EventCountry "GER"]
[EventRounds "7"]
[EventType "team-swiss"]
[EventDate "2014.12.26"]

1. e4 c5 2. Nf3 d6 3. Bb5+ Bd7 4. Bxd7+ Qxd7 5. O-O Nc6 6. Re1 Nf6 7. Nc3 g6 8.
Qe2 Bg7 9. d3 O-O 10. Bg5 a6 11. Rad1 e6 12. d4 cxd4 13. Nxd4 Rac8 14. Nxc6
Qxc6 15. Qd3 Qb6 16. Rb1 Ng4 17. Rf1 Ne5 18. Qd1 Nc4 19. Qe1 Qa5 20. b4 Qxg5
21. Rd1 Nb2 22. f4 Qd8 23. Nb1 Nxd1 24. Qxd1 Qb6+ 25. Kh1 Qxb4 26. Qe2 Qb2 27.
a4 Qxc2 28. Qe1 Qxa4 29. Qe2 Rc2 30. Qf3 Rfc8 31. h3 Rc1 32. Kh2 Rxf1 33. Qxf1
Qxe4 0-1

[Event "DVM U14w 2014"]
[Site "Regensburg GER"]
[Date "2014.12.27"]
[Round "1"]
[White "Böse, Carolin"]
[Black "Ehmann, Johanna"]
[Result "1/2-1/2"]
[Termination "normal"]
[Board "6.2"]
[WhiteElo "1410"]
[BlackElo "1563"]
[WhiteTeam "SC Bavaria Regensburg"]
[BlackTeam "SF Sasbach"]
[PlyCount "100"]
[WhiteFideId "12929646"]
[BlackFideId "12953130"]
[EventCountry "GER"]
[EventRounds "7"]
[EventType "team-swiss"]
[EventDate "2014.12.26"]

1. e4 e5 2. Nf3 Nc6 3. Bc4 Bc5 4. O-O Nf6 5. d4 exd4 6. e5 d5 7. exf6 dxc4 8.
fxg7 Rg8 9. Bg5 Be7 10. Bxe7 Kxe7 11. Na3 Rxg7 12. Nxc4 Bg4 13. Qe2+ Kf8 14.
Rfd1 Qd5 15. Ncd2 Re8 16. Qd3 Ne5 17. Qa3+ c5 18. Kf1 Nxf3 19. Nxf3 Qh5 20. Re1
Bxf3 21. Rxe8+ Kxe8 22. Re1+ Kf8 23. gxf3 Qh3+ 24. Ke2 Qf5 25. Qa4 Rg2 26. Kf1
Qxf3 27. Qe8+ Kg7 28. Qe5+ Kg6 29. Re2 Rg5 30. Qe4+ Rf5 31. Qxf3 Rxf3 32. Re7
c4 33. Rxb7 d3 34. cxd3 cxd3 35. Rd7 Kg5 36. Kg2 Rf4 37. Rxd3 Rg4+ 38. Kf1 h5
39. Rd7 Kh4 40. Rxa7 Kh3 41. Rxf7 Kxh2 42. Rh7 h4 43. a3 h3 44. b4 Rg1+ 45. Ke2
Kg2 46. Rg7+ Kh1 47. Rh7 Kg2 48. Rg7+ Kh1 49. Rh7 Kg2 50. Rg7+ Kh1 1/2-1/2

[Event "DVM U14w 2014"]
[Site "Regensburg GER"]
[Date "2014.12.27"]
[Round "1"]
[White "Rudolph, Eva"]
[Black "Schneider, Jana"]
[Result "0-1"]
[Termination "normal"]
[Board "7.1"]
[WhiteElo "1278"]
[BlackElo "1759"]
[WhiteTeam "Düsseldorfer SK"]
[BlackTeam "SK Neumarkt"]
[PlyCount "106"]
[WhiteFideId "16200594"]
[BlackFideId "12924997"]
[EventCountry "GER"]
[EventRounds "7"]
[EventType "team-swiss"]
[EventDate "2014.12.26"]

1. e4 {[%emt 0:00:00]} e5 2. Nf3 Nc6 3. d4 exd4 4. Bc4 Bc5 5. c3 Nf6 6. e5 d5
7. Bb5 Ne4 8. cxd4 Bb4+ 9. Bd2 Bxd2+ 10. Nbxd2 Bd7 11. O-O O-O 12. h3 Nxe5 13.
Nxe5 Bxb5 14. Re1 Nd6 15. Qb3 c6 16. Qg3 f6 17. Ng4 Qd7 18. Nf3 Rac8 19. Rac1
b6 20. b4 Kh8 21. Qh4 Nf5 22. Qh5 g6 23. Nxf6 Rxf6 24. Qg5 Rcf8 25. Ne5 Qd8 26.
Nf3 R6f7 27. Qd2 Nh4 28. Nxh4 Qxh4 29. Rc2 Ba6 30. Qe3 Qe4 31. Qd2 Qd3 32. Qc1
Qxd4 33. Rd1 Qxb4 34. a3 Qh4 35. Rdd2 c5 36. Qb2+ d4 37. a4 Kg8 38. Qa2 c4 39.
f3 Qe1+ 40. Kh2 Qe5+ 41. Kh1 c3 42. Rd1 d3 43. Rcc1 c2 44. Rxc2 dxc2 45. Qxc2
Rc8 46. Qd2 Rfc7 47. Qa2+ Kg7 48. Qd2 Rc2 49. Qd7+ Kg8 50. Qg4 Rc1 51. Rg1
Rxg1+ 52. Kxg1 Rc1+ 53. Kf2 Qe1# 0-1

[Event "DVM U14w 2014"]
[Site "Regensburg GER"]
[Date "2014.12.27"]
[Round "1"]
[White "Schilay, Eva"]
[Black "Kogan, Dina Rachel"]
[Result "1-0"]
[Termination "normal"]
[Board "7.2"]
[WhiteElo "1464"]
[BlackElo "1229"]
[WhiteTeam "SK Neumarkt"]
[BlackTeam "Düsseldorfer SK"]
[PlyCount "41"]
[WhiteFideId "12930164"]
[BlackFideId "16200608"]
[EventCountry "GER"]
[EventRounds "7"]
[EventType "team-swiss"]
[EventDate "2014.12.26"]

1. e4 {[%emt 0:00:00]} e5 {[%emt 0:00:00]} 2. Bc4 Nf6 3. d3 Be7 4. Be3 d6 5.
Nc3 c6 6. d4 O-O 7. Nf3 Nxe4 8. Bxf7+ Rxf7 9. Nxe4 Bf6 10. dxe5 Qa5+ 11. Bd2
Qd5 12. Nxf6+ gxf6 13. exd6 Qe6+ 14. Be3 Rd7 15. Nd4 Qxd6 16. Qg4+ Kf7 17. Qh5+
Kg8 18. O-O-O Rg7 19. Nf5 Qe5 20. Rd8+ Qe8 21. Rxe8# 1-0

[Event "DVM U14w 2014"]
[Site "Regensburg GER"]
[Date "2014.12.27"]
[Round "1"]
[White "Takeuchi, Alina"]
[Black "Schilay, Maria"]
[Result "1-0"]
[Termination "normal"]
[Board "7.3"]
[WhiteElo "920"]
[BlackElo "1234"]
[WhiteTeam "Düsseldorfer SK"]
[BlackTeam "SK Neumarkt"]
[PlyCount "47"]
[WhiteFideId "16200616"]
[BlackFideId "12942979"]
[EventCountry "GER"]
[EventRounds "7"]
[EventType "team-swiss"]
[EventDate "2014.12.26"]

1. e4 {[%emt 0:00:00]} e5 2. Nf3 Nc6 3. d4 Nxd4 4. Nxd4 exd4 5. Qxd4 Be7 6. Nc3
f6 7. Bd2 d6 8. O-O-O Be6 9. f4 Bg4 10. Re1 Qd7 11. h3 Be6 12. f5 Bf7 13. g4 b6
14. h4 O-O-O 15. Ba6+ Kb8 16. a4 Ka8 17. Nb5 c6 18. Nc3 c5 19. Qd3 Rb8 20. e5
Qc7 21. Qe4+ d5 22. Nxd5 Qc6 23. e6 Be8 24. Nc7# 1-0

[Event "DVM U14w 2014"]
[Site "Regensburg GER"]
[Date "2014.12.27"]
[Round "1"]
[White "Held, Fabienne"]
[Black "Sokolowski, Judith"]
[Result "1-0"]
[Termination "normal"]
[Board "7.4"]
[WhiteElo "1058"]
[BlackElo "1043"]
[WhiteTeam "SK Neumarkt"]
[BlackTeam "Düsseldorfer SK"]
[PlyCount "63"]
[WhiteFideId "12964670"]
[BlackFideId "16200624"]
[EventCountry "GER"]
[EventRounds "7"]
[EventType "team-swiss"]
[EventDate "2014.12.26"]

1. e4 {[%emt 0:00:00]} e5 {[%emt 0:00:00]} 2. Nf3 d6 3. Bc4 Be7 4. d3 Nf6 5.
Be3 c6 6. Nc3 d5 7. exd5 cxd5 8. Bb5+ Bd7 9. Bxd7+ Nbxd7 10. d4 e4 11. Nd2 O-O
12. f3 Bb4 13. fxe4 dxe4 14. O-O Bxc3 15. bxc3 Re8 16. Qe1 b5 17. Qg3 g6 18.
Qh4 Qb6 19. Bg5 Nd5 20. Nxe4 Rac8 21. Bf6 N7xf6 22. Nxf6+ Nxf6 23. Rxf6 Re6 24.
Raf1 Rcc6 25. Rxf7 h5 26. Rf8+ Kg7 27. R1f7+ Kh6 28. Qf4+ g5 29. Qf3 Kg6 30.
Rg8+ Kh6 31. Rh8+ Kg6 32. Qxh5# 1-0

[Event "DVM U14w 2014"]
[Site "Regensburg GER"]
[Date "2014.12.27"]
[Round "1"]
[White "Peil, Celine"]
[Black "Hartmann, Jasmin"]
[Result "1-0"]
[Termination "normal"]
[Board "8.1"]
[WhiteElo "1870"]
[BlackElo "1217"]
[WhiteTeam "USG Chemnitz"]
[BlackTeam "SV 1926 Riegelsberg"]
[PlyCount "45"]
[WhiteFideId "12942219"]
[BlackFideId "12988898"]
[EventCountry "GER"]
[EventRounds "7"]
[EventType "team-swiss"]
[EventDate "2014.12.26"]

1. e4 e6 2. d4 d5 3. Nc3 c5 4. exd5 exd5 5. dxc5 Be6 6. Nf3 Bxc5 7. Bb5+ Nd7 8.
O-O a6 9. Bxd7+ Qxd7 10. Ne5 Qd6 11. Bf4 Qd8 12. Re1 Nf6 13. Qf3 O-O 14. h3 d4
15. Ne2 Bd5 16. Qd3 Be4 17. Qd2 Nh5 18. Nd3 Nxf4 19. Nexf4 Qe7 20. Nxc5 f5 21.
Qxd4 Qg5 22. Nce6 Qh4 23. Qxg7# 1-0

[Event "DVM U14w 2014"]
[Site "Regensburg GER"]
[Date "2014.12.27"]
[Round "1"]
[White "Weiten, Anna"]
[Black "Fuchs, Joline"]
[Result "0-1"]
[Termination "normal"]
[Board "8.2"]
[WhiteElo "1222"]
[BlackElo "1416"]
[WhiteTeam "SV 1926 Riegelsberg"]
[BlackTeam "USG Chemnitz"]
[PlyCount "62"]
[WhiteFideId "12938203"]
[BlackFideId "12964506"]
[EventCountry "GER"]
[EventRounds "7"]
[EventType "team-swiss"]
[EventDate "2014.12.26"]

1. e4 b6 2. d4 Bb7 3. Nc3 e6 4. Nf3 Be7 5. Bd3 Nf6 6. e5 Nd5 7. Nxd5 Bxd5 8. c4
Bb7 9. Bc2 d5 10. b3 O-O 11. Qd3 g6 12. h4 dxc4 13. bxc4 Bxf3 14. Qxf3 Bb4+ 15.
Kf1 c6 16. Be3 f6 17. Qg3 f5 18. Bg5 Qxd4 19. Rb1 Bc5 20. Be3 Qxc4+ 21. Ke1
Bxe3 22. Qxe3 Qxc2 23. Rc1 Qxa2 24. h5 Qa5+ 25. Kf1 Qb5+ 26. Kg1 Nd7 27. hxg6
Qxe5 28. Qh6 Qg7 29. Qxg7+ Kxg7 30. Rxh7+ Kxg6 31. Rxd7 c5 0-1

[Event "DVM U14w 2014"]
[Site "Regensburg GER"]
[Date "2014.12.27"]
[Round "1"]
[White "Wienhold, Nadine"]
[Black "Hartmann, Katrin"]
[Result "1-0"]
[Termination "normal"]
[Board "8.3"]
[WhiteElo "1391"]
[BlackElo "1097"]
[WhiteTeam "USG Chemnitz"]
[BlackTeam "SV 1926 Riegelsberg"]
[PlyCount "67"]
[WhiteFideId "12964514"]
[BlackFideId "16200632"]
[EventCountry "GER"]
[EventRounds "7"]
[EventType "team-swiss"]
[EventDate "2014.12.26"]

1. c4 {[%emt 0:00:00]} c5 2. Nc3 Nf6 3. g3 Nc6 4. Bg2 d6 5. e3 Bf5 6. a3 e6 7.
Nge2 Be7 8. O-O O-O 9. d4 cxd4 10. Nxd4 e5 11. Nxf5 Qd7 12. Nxe7+ Nxe7 13. Qb3
Rac8 14. Rd1 b6 15. Qb4 Rfd8 16. b3 Nc6 17. Qa4 Qe8 18. Nb5 Qe7 19. Bb2 Ng4 20.
Bh3 f5 21. c5 dxc5 22. Bxg4 fxg4 23. Qxg4 Qf7 24. Nd6 Qxb3 25. Nxc8 Rxc8 26.
Qxc8+ Kf7 27. Qxc6 Qe6 28. Rd7+ Kf6 29. Rd6 Qxd6 30. Qxd6+ Kf5 31. Qxe5+ Kg6
32. Rd1 Kh6 33. Qxg7+ Kh5 34. Rd5# 1-0

[Event "DVM U14w 2014"]
[Site "Regensburg GER"]
[Date "2014.12.27"]
[Round "1"]
[White "Holschuh, Nadia"]
[Black "Belusa, Laura Sophie"]
[Result "1/2-1/2"]
[Termination "normal"]
[Board "8.4"]
[WhiteElo "750"]
[BlackElo "1126"]
[WhiteTeam "SV 1926 Riegelsberg"]
[BlackTeam "USG Chemnitz"]
[PlyCount "60"]
[WhiteFideId "16200640"]
[BlackFideId "12964522"]
[EventCountry "GER"]
[EventRounds "7"]
[EventType "team-swiss"]
[EventDate "2014.12.26"]

1. e4 {[%emt 0:00:00]} e5 {[%emt 0:00:00]} 2. Nf3 Nc6 3. Nc3 Bc5 4. Bc4 d6 5.
d3 Be6 6. Bg5 Nge7 7. O-O h6 8. Be3 Bb6 9. Bd5 Bxd5 10. exd5 Nd4 11. Bxd4 exd4
12. Nb5 Nxd5 13. Nbxd4 Bxd4 14. Nxd4 Qd7 15. Re1+ Ne7 16. Qf3 O-O 17. Qxb7 Ng6
18. Qf3 Nh4 19. Qg3 g5 20. Re4 Kh7 21. f4 f6 22. f5 Nxf5 23. Qh3 Kg6 24. Rf1 d5
25. Ree1 Rae8 26. Nxf5 Rxe1 27. Rxe1 Qxf5 28. Qxf5+ Kxf5 29. Re7 Rc8 30. Rd7
Ke5 1/2-1/2

[Event "DVM U14w 2014"]
[Site "Regensburg GER"]
[Date "2014.12.27"]
[Round "1"]
[White "Schneider, Xenia"]
[Black "Berelowitsch, Dana"]
[Result "1/2-1/2"]
[Termination "normal"]
[Board "9.1"]
[WhiteElo "1107"]
[BlackElo "1324"]
[WhiteTeam "SK Endingen"]
[BlackTeam "SG Solingen"]
[PlyCount "108"]
[WhiteFideId "12911984"]
[BlackFideId "12977144"]
[EventCountry "GER"]
[EventRounds "7"]
[EventType "team-swiss"]
[EventDate "2014.12.26"]

1. e4 e5 2. Nf3 Nf6 3. Nc3 Nc6 4. Bc4 Bc5 5. O-O O-O 6. d3 d6 7. h3 h6 8. Qe2
Qe7 9. Be3 Bxe3 10. Qxe3 Be6 11. Bxe6 Qxe6 12. d4 Nb4 13. d5 Qd7 14. Qe2 c6 15.
a3 Na6 16. dxc6 Qxc6 17. Rad1 Rad8 18. Rd2 Nc5 19. Rfd1 Nfxe4 20. Nxe5 Qc7 21.
Nxe4 Nxe4 22. Qxe4 dxe5 23. Rxd8 Rxd8 24. Rxd8+ Qxd8 25. Qxe5 Qd1+ 26. Kh2 Qxc2
27. Qe8+ Kh7 28. Qxf7 Qxb2 29. a4 a6 30. f4 b5 31. a5 b4 32. Qe6 Qd4 33. Qxa6
Qxf4+ 34. Kh1 Qc1+ 35. Kh2 Qc2 36. Qd6 b3 37. a6 b2 38. a7 b1=Q 39. a8=Q Qcc1
40. Qf3 Qg1+ 41. Kg3 Qg6+ 42. Qxg6+ Kxg6 43. Qe4+ Kf7 44. Qd5+ Kf8 45. Kg4 Qf2
46. Qd6+ Kg8 47. Qd8+ Qf8 48. Qxf8+ Kxf8 49. Kf5 Kf7 50. g4 g6+ 51. Kf4 Kf6 52.
h4 g5+ 53. hxg5+ hxg5+ 54. Ke4 Ke6 1/2-1/2

[Event "DVM U14w 2014"]
[Site "Regensburg GER"]
[Date "2014.12.27"]
[Round "1"]
[White "Kublanov, Carolin"]
[Black "Wagner, Lena"]
[Result "1-0"]
[Termination "normal"]
[Board "9.2"]
[WhiteElo "1328"]
[BlackElo "988"]
[WhiteTeam "SG Solingen"]
[BlackTeam "SK Endingen"]
[PlyCount "149"]
[WhiteFideId "12944548"]
[BlackFideId "12983470"]
[EventCountry "GER"]
[EventRounds "7"]
[EventType "team-swiss"]
[EventDate "2014.12.26"]

1. e4 {[%emt 0:00:00]} c6 2. d4 d5 3. exd5 cxd5 4. Nf3 Nc6 5. Bb5 Bd7 6. O-O e6
7. Bf4 Nf6 8. c4 dxc4 9. Bxc4 Be7 10. Nc3 Na5 11. Bd3 O-O 12. Qd2 Bb4 13. a3
Bxc3 14. Qxc3 Nd5 15. Bg5 Nxc3 16. Bxd8 Nb3 17. Rae1 Raxd8 18. bxc3 a6 19. Rb1
Na5 20. Ne5 Ba4 21. Rb4 b5 22. Rfb1 Rd5 23. Be4 Rdd8 24. c4 Nxc4 25. Nxc4 Rxd4
26. Nb6 Rxb4 27. Rxb4 Rd8 28. h3 a5 29. Rb1 Rd1+ 30. Rxd1 Bxd1 31. Bd3 b4 32.
axb4 axb4 33. Nc4 b3 34. Nb2 Bc2 35. Bxc2 bxc2 36. Nd3 Kf8 37. Kf1 e5 38. Ke1
e4 39. Nc1 f5 40. Kd2 f4 41. Kxc2 g5 42. Kc3 f3 43. gxf3 exf3 44. Kd3 h5 45.
Ke3 Kf7 46. Kxf3 Kf6 47. Ne2 Kf5 48. Ng3+ Kg6 49. Ne2 Kf6 50. Ke4 Kg6 51. Kf3
Kf5 52. Kg3 Kg6 53. Nf4+ Kh6 54. f3 h4+ 55. Kg4 gxf4 56. Kxh4 Kg6 57. Kg4 Kh6
58. Kxf4 Kh5 59. Kf5 Kh4 60. f4 Kxh3 61. Kf6 Kg4 62. f5 Kf4 63. Ke6 Kg5 64. f6
Kg6 65. Ke7 Kf5 66. f7 Ke5 67. f8=Q Kd5 68. Qf4 Kc6 69. Qe5 Kb6 70. Qd5 Ka6 71.
Qc5 Kb7 72. Kd8 Ka6 73. Qb4 Ka7 74. Kc7 Ka6 75. Qb6# 1-0

[Event "DVM U14w 2014"]
[Site "Regensburg GER"]
[Date "2014.12.27"]
[Round "1"]
[White "Reinbold, Sorah Marie"]
[Black "Möller, Laura"]
[Result "0-1"]
[Termination "normal"]
[Board "9.3"]
[WhiteElo "869"]
[BlackElo "1387"]
[WhiteTeam "SK Endingen"]
[BlackTeam "SG Solingen"]
[PlyCount "78"]
[WhiteFideId "12983497"]
[BlackFideId "12911720"]
[EventCountry "GER"]
[EventRounds "7"]
[EventType "team-swiss"]
[EventDate "2014.12.26"]

1. e4 c5 2. Nf3 Nc6 3. Bc4 g6 4. O-O Bg7 5. Nc3 Nf6 6. e5 Ng4 7. d4 cxd4 8.
Nxd4 Ngxe5 9. Nxc6 bxc6 10. Be3 Nxc4 11. Bd4 Ne5 12. Re1 f6 13. Re3 O-O 14. Qe2
Re8 15. Re1 e6 16. f4 Nf7 17. f5 gxf5 18. Rg3 e5 19. Bc5 d6 20. Bb4 f4 21. Rd3
Kh8 22. Ne4 d5 23. Nc3 Rg8 24. g3 Bh6 25. Kh1 Ba6 26. gxf4 Bxd3 27. Qxd3 Bxf4
28. Ne2 Qd7 29. Nxf4 exf4 30. Bc3 Qd6 31. Qf5 Rg6 32. Re6 Qc5 33. Bxf6+ Kg8 34.
Re1 Qf2 35. Qxg6+ hxg6 36. Rg1 Qf3+ 37. Rg2 Re8 38. Bc3 Re2 39. Kg1 Qxg2# 0-1